Galera. Guía del profesor. 5º curso. Enseñanza General Básica

Gespeichert in:
Bibliographische Detailangaben
Format: keine Angabe
Sprache:Spanisch
Erschienen: Madrid Bruño 1971
Katalog:MANES:  Suchergebnis im Bibliothekskatalog
Schulbuchspezifische Eigenschaften:
Tags: Tag hinzufügen
Keine Tags, Fügen Sie den ersten Tag hinzu!
Hinzugefügt zu:26.04.2016

MARC

LEADER 000000000a22000000004500
001 02009
003 OSt
008 160427s sp ||||| |||| 00| 0 spa d
040 |c centro_manes 
041 1 |a spa 
691 7 |a PRI 
245 0 0 |a Galera. Guía del profesor. 5º curso. Enseñanza General Básica 
260 3 |a Madrid  |b Bruño  |c 1971 
300 |a 174 p.  |c 17x12 cm 
500 |a Fecha de publicación tomada del Depósito Legal 
690 7 |a PED 
942 |2 ddc  |c BK 
546 |a España 
999 |c 7983  |d 7983 
999 |c manes:7983  |d 7983